01081cam a2200265 i 45000010008000000030005000080050017000130080041000300100017000710200024000880380012001120400018001240500021001420820011001631100070001742450208002442600083004523000028005354400040005635040041006036500025006446500022006697100072006917100052007631743728NUST20190924125847.0750722s1975 dcua b f000 0 eng  a 75013909  a0309023092 :c$3.60 aMSOHAIL aDLCcDLCdDLC00aTE278b.N38 197500a625.842 aNational Research Council (U.S.).bTransportation Research Board.10aPCC pavements for low-volume roads and city streets :bresearch sponsored by the American Association of State Highway and Transportation Officials in cooperation with the Federal Highway Administration. aWashington :bTransportation Research Board, National Research Council,c1975. a31 p. :bill. ;c28 cm. 0aSynthesis of highway practice ;v27 aIncludes bibliographical references. 0aPavements, Concrete. 0aLow-volume roads.2 aAmerican Association of State Highway and Transportation Officials.1 aUnited States.bFederal Highway Administration.